Older adult perspectives on purposes for engaging in movement activities /

Bibliographic Details
Main Author: James, Grace M., 1942-
Format: Thesis Microform Book
Language:English
Published: [Place of publication not identified] : [publisher not identified] ; 1985.
Subjects:

MARC

Tag First Indicator Second Indicator Subfields
LEADER 00000cam a2200000 a 4500
001 in00000019843
005 20151007053735.0
007 he bmb|||||||
008 861024r19861985oru bb 00010 eng d
035 |a (OCoLC)14513794 
035 |9 AAB2669AM 
040 |a WAY  |c WAY  |d HPE  |d TXA  |d UtOrBLW 
049 |a TXAI 
099 |a fiche  |a C  |a 9713 
100 1 |a James, Grace M.,  |d 1942- 
245 1 0 |a Older adult perspectives on purposes for engaging in movement activities /  |c by Grace M. James. 
264 1 |a [Place of publication not identified] :  |b [publisher not identified] ;  |c 1985. 
300 |a xi, 121 leaves. 
336 |a text  |b txt  |2 rdacontent 
337 |a microform  |b h  |2 rdamedia 
338 |a microfiche  |b he  |2 rdacarrier 
502 |b Ed. D.  |c University of Georgia  |d 1985. 
504 |a Bibliography: leaves 100-105. 
533 |a Microfiche.  |b Eugene :  |c Microform Publications, College of Human Development and Performance, University of Oregon,  |d 1986.  |e 2 microfiches : negative ; 11 x 15 cm. 
500 |a Microform. 
650 0 |a Older people  |x Recreation. 
650 0 |a Older people  |x Psychology. 
650 0 |a Physical education for older people. 
999 |a MARS 
999 f f |s c5dee305-3895-3980-aa3b-9424ec88446b  |i da1cad5f-671b-3cd1-a499-6af83e62423e  |t 0 
952 f f |p normal  |a Texas A&M University  |b College Station  |c Sterling C. Evans Library  |d Evans: Microforms (3rd floor)  |t 0  |e fiche C 9713  |h Other scheme  |i microform -- microfiche  |m A14823247343 
998 f f |a fiche C 9713  |t 0  |l Evans: Microforms (3rd floor)